|
|
|
|
| LEADER |
01062nab a2200301 i 4500 |
| 001 |
publ22086 |
| 005 |
20210813090353.0 |
| 008 |
210813s2018 hu o 0|| zxx d |
| 022 |
|
|
|a 1897-5593
|
| 024 |
7 |
|
|a 10.5603/CJ.2018.0116
|2 doi
|
| 024 |
7 |
|
|a 30466263
|2 mtmt
|
| 040 |
|
|
|a SZTE Publicatio Repozitórium
|b hun
|
| 041 |
|
|
|a zxx
|
| 100 |
1 |
|
|a Borghi Claudio
|
| 245 |
1 |
0 |
|a Expert consensus for the diagnosis and treatment of patient with hyperuricemia and high cardiovascular risk
|h [elektronikus dokumentum] /
|c Borghi Claudio
|
| 260 |
|
|
|c 2018
|
| 300 |
|
|
|a 545-564
|
| 490 |
0 |
|
|a CARDIOLOGY JOURNAL
|v 25 No. 5
|
| 700 |
0 |
1 |
|a Tykarski Andrzej
|e aut
|
| 700 |
0 |
1 |
|a Widecka Krystyna
|e aut
|
| 700 |
0 |
1 |
|a Filipiak Krzysztof J.
|e aut
|
| 700 |
0 |
2 |
|a Domienik-Karłowicz Justyna
|e aut
|
| 700 |
0 |
2 |
|a Kostka-Jeziorny Katarzyna
|e aut
|
| 700 |
0 |
2 |
|a Varga Albert
|e aut
|
| 700 |
0 |
2 |
|a Jaguszewski Milosz
|e aut
|
| 700 |
0 |
2 |
|a Narkiewicz Krzysztof
|e aut
|
| 700 |
0 |
2 |
|a Mancia Giuseppe
|e aut
|
| 856 |
4 |
0 |
|u http://publicatio.bibl.u-szeged.hu/22086/1/60176-166442-4-PB.pdf
|z Dokumentum-elérés
|